| 000 | 00977cam a2200265 a 4500 | ||
|---|---|---|---|
| 001 | 000010650 | ||
| 003 | DO-SdBNP | ||
| 005 | 20260202103516.0 | ||
| 008 | 750417s1953 mx 001 0 spa | ||
| 040 |
_aDO-SdBNP _bspa _cBNPHU |
||
| 082 | 4 |
_a530.1 _bJ82f _222 |
|
| 100 | 1 |
_aJordan, Pascual, _d1902-1980 _925782 |
|
| 240 | 0 | 4 |
_aDie Physik des 20. Jahrhunderts; Einführung in den Gedankeninhalt der modernen Physik. _lEspañol. |
| 245 | 1 | 3 |
_aLa física del siglo XX / _cPascual Jordan ; traducción de Eugenio Ímaz. |
| 250 | _a2a ed. | ||
| 260 |
_aMéxico, : _bFondo de Cultura Económica, _c1953. |
||
| 300 |
_a166 p. ; _c18 cm. |
||
| 490 | 0 |
_aBreviarios del Fondo de Cultura Económica _v22 |
|
| 534 |
_aTítulo original: _tDie Physik des 20. Jahrhunderts. |
||
| 650 | 7 |
_aFísica _xFilosofía _925783 |
|
| 650 | 7 |
_aReligión y ciencia _2LIBRUNAM _97388 |
|
| 650 | 7 |
_aReligión y ciencia _97388 _2LIBRUNAM |
|
| 700 | 1 |
_aÍmaz, Eugenio, _etr. _925785 |
|
| 942 |
_2ddc _cLBS1 |
||
| 999 |
_c10405 _d10405 |
||